| 000 | 01795nam a2200241Ia 4500 | ||
|---|---|---|---|
| 003 | OSt | ||
| 005 | 20210909153200.0 | ||
| 008 | 210310s2012 w gr 000 0 spa d | ||
| 020 | 0 | _a9783659065163 | |
| 040 |
_aCO-JMCR _cCO-JMCR |
||
| 041 | _aspa | ||
| 082 | 0 | 4 |
_a338.23 / _bC828r _223 |
| 100 | 1 |
_aCuevas Moreno, Ricardo, _eautor _928144 |
|
| 245 | 1 | 0 |
_aResponsabilidad social de la empresas mineras canadienses en México : _bel caso de la minería San Xavier y el FAO / _cRicardo Cuevas Moreno |
| 260 |
_aAlemania : _bEditorial academia Española, _c2013. |
||
| 300 |
_a63 páginas ; _c23 cm. |
||
| 505 | 0 | _aEstablecimiento de una matriz institucional y expansión de la industria minera canadiense. -- Establecimiento de una matriz institucional para la acogida de la inversión extranjera directa (IED) en la industria minera México. -- Pros y contras de la RSE en la industria. | |
| 520 | 0 | _aEste libro estudia, como los nuevos movimientos comunitarios (NMC) lo muestran, las posibilidades y los límites de la responsabilidad social de las empresas (RSE) en la industria minera canadiense instalada en México entre 1996-2012. Tomamos como caso de estudio, el de la Minera San Xavier (MSX) y el Frente Amplio de Opositor (FAO). Una conclusión se impone: el NMC son la punta de lanza de la lucha social por la defensa del territorio, la vida social autónoma, el respeto del medio ambiente y la soberanía nacional. Entonces, los NMC sobrepasan el marco limitado del RSE mostrando los límites de ésta y poniendo en tela de juicio el poder de Estado y su rol de guardián de la sociedad civil, y de rector de la economía nacional. | |
| 650 | 1 | 4 |
_aMinería canadiense _940207 |
| 650 | 2 | 4 |
_aInversión extranjera _940208 |
| 650 | 2 | 4 |
_aIndustria minera _940209 |
| 942 |
_2ddc _cBK |
||
| 999 |
_c12406 _d12406 |
||